| 000 | 00448cam a22001337a 4500 | ||
|---|---|---|---|
| 008 | 180718b1977 xxu||||| |||| 00| 0 eng d | ||
| 082 | _aB262x54 Sa72 | ||
| 100 | _aSareen, Tilak Raj | ||
| 245 |
_aRussian revolution and India, 1917-1921 _cby Tilak Raj Sareen |
||
| 260 |
_aDelhi _bSterling _c1977 |
||
| 300 | _a144p. | ||
| 650 | _aSoviet Union --History --Revolution, 1917-1921 --Influence. | ||
| 650 | _aIndia --Politics and government --20th century | ||
| 999 |
_c353513 _d353513 |
||